000 00955cas a22002415a 4500
001 L137243
008 100920c2010 xxkar ws ss 0 a0eng u
035 _a(Sirsi) u137243
041 0 _aeng
110 2 _aColliers International
_95548
245 0 0 _aProperty pricing survey
_h[electronic resource]
260 _aLondon
_bColliers
_c2007-
362 0 _aMarch 2007-
490 0 _aProperty Pricing Survey
520 _aAnalyses and forecasts investment intentions, yield levels, rental growth, capital growth and total returns across all principal commercial property sectors.
554 _aThree per year
650 2 4 _aCOLLIERS PROPERTY PRICING SURVEY
651 4 _aUnited Kingdom
_y
690 _aPROPERTY-PROPERTY VALUATION AND APPRAISAL
690 _aPROPERTY-COMMERCIAL PROPERTY-COMMERCIAL PROPERTY MARKET
856 4 0 _uhttps://www.colliers.com/markets/uk/InvestmentReports
_zView the item free of charge at www.colliers.com
942 _n0
999 _c118893
_d118893